2013 EU LCS - Statistics

General Stats
  • This quiz has been taken 7 times
  • The average score is 18 of 79
Answer Stats
Answer % Correct
sOAZ
100%
Fnatic
75%
SK Gaming
75%
xPeke
75%
YellOwStaR
75%
against All authority
50%
Alex Ich
50%
CandyPanda
50%
Cyanide
50%
Darien
50%
Diamondprox
50%
Evil Geniuses
50%
Gambit Gaming
50%
Giants Gaming
50%
Lemondogs
50%
MeetYourMakers
50%
nRated
50%
Nyph
50%
ocelote
50%
Puszu
50%
Voidle
50%
Bjergsen
25%
Copenhagen Wolves
25%
Darker
25%
Dexter
25%
DragonBorns
25%
Edward
25%
fredy122
25%
Froggen
25%
Genja
25%
Godbro
25%
hyrqBot
25%
Kev1n
25%
Krepo
25%
Mithy
25%
Ninjas in Pyjamas
25%
Nukeduck
25%
Shushei
25%
Snoopeh
25%
Svenskeren
25%
Tabzz
25%
wewillfailer
25%
Wickd
25%
YamatoCannon
25%
yellowpete
25%
Zorozero
25%
Araneae
0%
Babeta
0%
cowTard
0%
Creaton
0%
Czaru
0%
Deficio
0%
Dioud
0%
Exter
0%
extinkt
0%
ForellenLord
0%
Freeze
0%
HosaN
0%
Jimbz
0%
Jree
0%
Karalius
0%
Kerp
0%
Kubon
0%
Libik
0%
Makler
0%
Malunoo
0%
Mimer
0%
Mokatte
0%
Morden
0%
Muvert
0%
Nono
0%
Samux
0%
Shacker
0%
ShLaYa
0%
Spontexx
0%
Team ALTERNATE
0%
TheTess
0%
ViRtU4l
0%
WhiteKnight
0%
No matching quizzes found
Score Distribution
Percent of People with Each Score
Percentile by Number Answered
Your Score History
You have not taken this quiz